000 02086 a2200253 4500
003 UA-OsUOA
005 20221216151640.0
008 221216b un ||||| |||| 00| 0 ukr d
020 _a9786177755653
040 _aUA-OsUOA
_bukr
_cUA-OsUOA
_dUA-OsUOA
041 _aukr
080 _a94(477)
090 _a94(477)
_bП32
245 _aПилип Орлик і мазепинці. Джерела
_cупоряд. Т. Таїрова-Яковлєва
260 _aК.
_bКліо
_c2022
300 _a216 с.
500 _aДо 350-річчя гетьмана Пилипа Орлика
520 _aДо збірки увійшло листування Пилипа Орлика та Івана Мазепи з тогочасними політичними та державними діячами Європи, яке розкриває обставини та зміст перемовин гетьмана Мазепи щодо формування європейської коаліції, спрямованої проти Москви, та низка інших документів, які містять цінні відомості про політичну ситуацію в Гетьманщині, її повсякденне життя за часів Мазепи, долю мазепинців. Частина документів, які увійшли до книжки, публікуються вперше та не були відомі не лише широкому загалу, а й фахівцям-історикам. Інша частина джерельних пам’яток, що містяться у збірці, до цього були опубліковані з помилками, які виправлені у цій публікації.
650 _2UDC
_a94 Історія загалом
700 1 _aТаїрова-Яковлєва Т.
_eупоряд.
942 _cBK
_2udc
955 _a4
999 _c573460
_d573460